000 00346 a2200157 4500
001 182884
020 _a85-85851-86-4
040 _cMagnum
100 _aVicente, Gil
240 1 0 _aFarsa de inês pereira
_lpor
245 1 0 _aFarsa de inês pereira
300 _a132
362 0 _a1999
697 _aLITERATURA GERAL ESTRANGEIRA
942 _cBK
999 _c182884
_d182884